000 00315nam a2200121Ia 4500
005 20251222144652.0
008 251222s9999||||xx |||||||||||||| ||spa||
082 _a868.6/D88
100 _aDomínguez Tavira, Manuel
245 0 _aLos Caníbales
264 _bCaja de Ahorros Provinciales de Valladolid
942 _cLIB
999 _c17087
_d17087